|
|
|
|
| LEADER |
00575nam a22001697a 4500 |
| 020 |
|
|
|a 9789385013508
|
| 082 |
|
|
|a H301
|b RAJ/L
|
| 100 |
|
|
|a Rajesh Pal
|9 45595
|
| 245 |
|
|
|a Lutiya meim lokatantra (kahani sangrah)/
|c by Rajesh Pal
|
| 260 |
|
|
|a Ghaziabad:
|b Antika Prakashan,
|c 2016.
|
| 300 |
|
|
|a 112p.
|
| 650 |
|
|
|a Stories Hindi
|9 45596
|
| 650 |
|
|
|a Literature Hindi
|9 45597
|
| 650 |
|
|
|a Literature
|9 45598
|
| 942 |
|
|
|c BK
|
| 999 |
|
|
|c 71449
|d 71449
|
| 952 |
|
|
|0 0
|1 0
|4 0
|6 H_301_000000000000000_RAJ_L
|7 0
|9 92056
|a SSUS
|b SSUS
|c STACKS
|d 2018-05-17
|g 235.00
|o H301 RAJ/L
|p 089253
|r 2018-05-17
|w 2018-05-17
|y BK
|